Statistics for US States With No Concealed Carry in 1990

Click here to take the quiz!

General Stats

  • This quiz has been taken 7 times
  • The average score is 8 of 14

Answer Stats

Answer% Correct
Illinois
100%
Ohio
100%
Nebraska
75%
New Mexico
75%
Arizona
50%
Arkansas
50%
Kansas
50%
Kentucky
50%
Missouri
50%
Oklahoma
50%
Texas
50%
Wisconsin
50%
North Carolina
25%
Alaska
0%

Score Distribution

Percentile by Number Answered

Percent of People with Each Score

Your Score History

You have not taken this quiz